Sports Quiz

Random Sports or NCAA Quiz

Big 4 NCAA Champions Quiz Stats

 Plays Quiz Updated Apr 8, 2019

Score 0/233 Timer 18:00
0 Plays Today
% Correct
Florida
95.4%
Florida
95.4%
Florida
95.4%
Florida
95.4%
Florida
95.4%
Michigan
94.8%
Michigan
94.8%
Michigan
94.8%
Michigan
94.8%
Michigan
94.8%
Michigan
94.8%
North Carolina
94.8%
North Carolina
94.8%
North Carolina
94.8%
North Carolina
94.8%
Duke
94.7%
Duke
94.7%
Duke
94.7%
Duke
94.7%
Texas
94.4%
Texas
94.4%
Texas
94.4%
Texas
94.4%
Texas
94.4%
Texas
94.4%
Texas
94.4%
Alabama
93.8%
Alabama
93.8%
Alabama
93.8%
Alabama
93.8%
Alabama
93.8%
Alabama
93.8%
Alabama
93.8%
UCLA
93.6%
UCLA
93.6%
UCLA
93.6%
UCLA
93.6%
UCLA
93.6%
UCLA
93.6%
UCLA
93.6%
UCLA
93.6%
UCLA
93.6%
UCLA
93.6%
UCLA
93.6%
Alabama
93.4%
USC
91.9%
USC
91.9%
USC
91.9%
USC
91.9%
USC
91.9%
USC
91.9%
USC
91.9%
USC
91.9%
USC
91.9%
USC
91.9%
USC
91.9%
USC
91.9%
USC
91.9%
USC
91.9%
Ohio State
91.9%
Ohio State
91.9%
Ohio State
91.9%
Alabama
91.9%
Michigan State
91.1%
Michigan State
91.1%
Michigan State
91.1%
Michigan State
91.1%
Michigan State
91.1%
Duke
90.7%
UCLA
90.2%
Florida State
89.8%
Florida State
89.8%
Alabama
89.7%
Kentucky
89.2%
Kentucky
89.2%
Kentucky
89.2%
Oklahoma
89%
Oklahoma
89%
% Correct
Oklahoma
89%
Oklahoma
89%
Oklahoma
89%
LSU
88.3%
LSU
88.3%
LSU
88.3%
LSU
88.3%
LSU
88.3%
LSU
88.3%
LSU
88.3%
LSU
88.3%
Kentucky
88%
Kansas
87.9%
Kansas
87.9%
Miami (FL)
87.8%
Miami (FL)
87.8%
Miami (FL)
87.8%
Miami (FL)
87.8%
Miami (FL)
87.8%
Miami (FL)
87.8%
Miami (FL)
87.8%
Miami (FL)
87.8%
Miami (FL)
87.8%
Florida State
87.1%
North Carolina
87%
Ohio State
86.8%
Georgia
85.7%
Georgia
85.7%
Arizona
85.6%
Arizona
85.6%
Arizona
85.6%
Arizona
85.6%
Boston University
85.6%
Boston University
85.6%
Boston University
85.6%
Boston University
85.6%
Boston University
85.6%
Minnesota
85.5%
Minnesota
85.5%
Minnesota
85.5%
Minnesota
85.5%
Minnesota
85.5%
Minnesota
85.5%
Clemson
85.5%
Virginia
85.1%
Alabama
84.9%
Florida
84.3%
Auburn
84%
Vacated
83.6%
Indiana
83.6%
Indiana
83.6%
Indiana
83.6%
Connecticut
83.4%
Connecticut
83.4%
Notre Dame
81.6%
Notre Dame
81.6%
Notre Dame
81.6%
Notre Dame
81.6%
Arizona
81.6%
Penn State
80.5%
Penn State
80.5%
Nebraska
80.4%
Nebraska
80.4%
Nebraska
80.4%
Nebraska
80.4%
Wisconsin
80.3%
Wisconsin
80.3%
Wisconsin
80.3%
Wisconsin
80.3%
Wisconsin
80.3%
Wisconsin
80.3%
Villanova
79.9%
Tennessee
79.9%
Boston College
79.6%
Boston College
79.6%
Boston College
79.6%
Arizona State
78.8%
Arizona State
78.8%
% Correct
Arizona State
78.8%
Arizona State
78.8%
Arizona State
78.8%
South Carolina
78.8%
Clemson
78.7%
Connecticut
78.4%
Syracuse
77.9%
Villanova
76.5%
Connecticut
76.2%
Oregon State
75.7%
Oregon State
75.7%
Arkansas
75.6%
North Carolina State
75.4%
North Carolina State
75.4%
Boston College
74.8%
Colorado
74.8%
Maryland
73.9%
Stanford
72.4%
Stanford
72.4%
Oregon State
72.3%
South Carolina
71.5%
Virginia
71%
Georgetown
70.7%
UNLV
68.9%
Louisville
68.6%
Louisville
68.6%
Harvard
66%
Villanova
65.6%
Clemson
65.4%
Pittsburgh
64.9%
Yale
62.2%
North Dakota
61.1%
North Dakota
61.1%
North Dakota
61.1%
North Dakota
61.1%
North Dakota
61.1%
North Dakota
61.1%
North Dakota
59%
Vanderbilt
57.3%
BYU
57.3%
Maine
53.4%
Maine
53.4%
Cincinnati
50.3%
Cincinnati
50.3%
Marquette
44.9%
Denver
44.5%
Rice
44.1%
Texas Western
43.8%
Denver
41.3%
Denver
41.3%
Denver
41.3%
Denver
41.3%
Denver
41.3%
Minnesota–Duluth
38.4%
Cornell
37.9%
Cornell
37.9%
Cal State Fullerton
37.5%
Cal State Fullerton
37.5%
Cal State Fullerton
37.5%
Cal State Fullerton
37.5%
Providence
36.8%
Coastal Carolina
36.2%
Fresno State
34.3%
Minnesota–Duluth
26.1%
Loyola (Chicago)
24.1%
Wichita State
24.1%
Union
23.4%
Michigan Tech
21.4%
Michigan Tech
21.4%
Michigan Tech
21.4%
Pepperdine
21.3%
Bowling Green
18.9%
Lake Superior State
18.8%
Lake Superior State
18.8%
Lake Superior State
18.8%
Rensselaer
16.8%
Northern Michigan
16.7%

You're not logged in!

Compare scores with friends on all Sporcle quizzes.
OR
Log In

Show Comments

Extras

Top Quizzes Today


Score Distribution

Your Account Isn't Verified!

In order to create a playlist on Sporcle, you need to verify the email address you used during registration. Go to your Sporcle Settings to finish the process.

Report this User

Report this user for behavior that violates our Community Guidelines.

Details: